| 000 | 01173nmc a2200337 a 4500 | ||
|---|---|---|---|
| 003 | AR-BaBNM | ||
| 005 | 20251128210721.0 | ||
| 008 | 211020s1999 ||||||||||||||000 | spa|| | ||
| 020 | _a84-411-0003-9 | ||
| 040 | _cAR-BaBNM | ||
| 100 | 1 | _aEscudero Muñóz, Juan Manuel | |
| 245 | 1 | 0 |
_aEscuelas y profesores _b¿hacia una reconversión de los centros y la función docente? |
| 260 |
_aMadrid _aBuenos Aires _bEdiciones Pedagógicas _c1999 |
||
| 300 | 0 | _a282 p. | |
| 490 | 0 |
_aInvestigación y formación del profesorado _vv. 7 |
|
| 500 | 0 | _aTirada especial para la Red Federal de Formación Docente Continua. Ministerio de Cultura y Educación de la Nación | |
| 500 | 0 | _aContiene referencias bibliográficas | |
| 650 | 4 | _aORGANIZACION ESCOLAR | |
| 650 | 4 | _aROL DEL DOCENTE | |
| 650 | 4 | _aPAPEL DE LA ESCUELA | |
| 653 | 0 | _aGESTION INSTITUCIONAL | |
| 653 | 0 | _aINSTITUCIONES EDUCATIVAS | |
| 653 | 0 | _aTEORIAS CRITICAS | |
| 653 | 0 | _aCAMBIO EDUCATIVO | |
| 653 | 0 | _aEVALUACION INSTITUCIONAL | |
| 653 | 0 | _aPROYECTO EDUCATIVO INSTITUCIONAL | |
| 700 | 1 | _aGonzález, Teresa | |
| 800 | 1 |
_aMedina Rivilla, Antonio _ecoordinador |
|
| 942 | _cBK | ||
| 998 | _cRAQUEL | ||
| 999 |
_c16583 _d16583 |
||